000
00343pab a2200157 454500
008
180718b2010 xxu||||| |||| 00| 0 eng d
100
_a
Ilaiah, Kancha
245
_a
Our Scotomas and education
260
_c
2010
300
_a
p.29-30.
362
_a
31 Jul
650
_a
Education
773
_a
Mainstream
908
_a
N
909
_a
87149
999
_c
87149
_d
87149